|
|
|
|
| LEADER |
01091nam a2200289 4500 |
| 001 |
00023205 |
| 008 |
111114r20021987bg w 000 0 eng d |
| 040 |
|
|
|a BD-DhAAL
|c BD-DhAAL
|d BD-DhAAL
|
| 082 |
0 |
0 |
|a 348.5492/046
|2 22
|
| 999 |
|
|
|c 11419
|d 11419
|
| 999 |
|
|
|c 11419
|
| 130 |
0 |
|
|a BLD
|9 796
|
| 245 |
0 |
4 |
|a Bangladesh Legal Decisions,
|c editor Kazi Ebadul Hoque
|n volume no.7
|
| 246 |
1 |
7 |
|a B.L.D.
|
| 260 |
|
|
|a Dhaka :
|b Bangladesh Bar Council,
|c 1987 [Reprinted 2002]
|
| 300 |
|
|
|a Various pagings ;
|c 24 cm.
|
| 362 |
0 |
|
|a Vol.VII,1987
|
| 500 |
|
|
|a Dec. '87, REGN. NO. DA513, Volume VII
|
| 500 |
|
|
|a Appellate Div.High Court Div. BD, Statutes
|
| 541 |
|
|
|e 00023205
|
| 590 |
|
|
|a Published yearly.
|
| 650 |
|
0 |
|a Law reports, digests, etc.
|z Bangladesh.
|9 1661
|
| 700 |
1 |
|
|a Ebadul Hoque,Kazi
|9 1662
|
| 710 |
1 |
|
|a Bangladesh Bar Council.
|9 799
|
| 852 |
4 |
|
|a Ayesha Abed Library
|j General shelf
|
| 942 |
|
|
|2 ddc
|c BK
|
| 952 |
|
|
|0 0
|1 0
|2 ddc
|4 0
|6 348_549204600000000_BAN
|7 0
|8 REF
|9 18563
|a BRACUL
|b BRACUL
|c CIR
|d 2011-11-16
|l 1
|o 348.5492046 BAN
|p 3010023205
|r 2014-03-06
|s 2014-03-06
|t 1
|w 2011-11-16
|y 1HOUR
|x Available
|